Learning research : the easy way / Gabriel G. Uriarte. (Record no. 21309)
| 000 -LEADER | |
|---|---|
| fixed length control field | 00537nam a22001697a 4500 |
| 020 ## - INTERNATIONAL STANDARD BOOK NUMBER | |
| ISBN | 9786214183425 |
| 082 ## - DEWEY DECIMAL CLASSIFICATION NUMBER | |
| Classification number | 001.42 |
| Item number | Ur762 2024 |
| 100 ## - MAIN ENTRY--AUTHOR NAME | |
| Personal name | Uriarte, Gabriel G., author. |
| 245 ## - TITLE STATEMENT | |
| Title | Learning research : the easy way / Gabriel G. Uriarte. |
| 250 ## - EDITION STATEMENT | |
| Edition statement | Revised edition. |
| 260 ## - PUBLICATION, DISTRIBUTION, ETC. (IMPRINT) | |
| Place of publication | Quezon City : |
| Name of publisher | Wiseman’s Books Trading, |
| Year of publication | ©2024. |
| 300 ## - PHYSICAL DESCRIPTION | |
| Number of Pages | vii, 358 pages ; |
| Other physical details | 23 cm |
| 500 ## - GENERAL NOTE | |
| General note | Includes bibliographical references. |
| 650 ## - SUBJECT ADDED ENTRY--TOPICAL TERM | |
| Topical Term | Research -- Methodology. |
| 650 ## - SUBJECT ADDED ENTRY--TOPICAL TERM | |
| Topical Term | Research -- Study and teaching. |
| 942 ## - ADDED ENTRY ELEMENTS (KOHA) | |
| Koha item type | Books |
| Source of acquisition | Permanent Location | Date acquired | Koha item type | Collection code | Accession Number | Lost status | Shelving location | Withdrawn status | Current Location | Full call number |
|---|---|---|---|---|---|---|---|---|---|---|
| School | Cagayan State University - Carig Library | 2025-08-28 | Books | General Works | 011081 | General Collection | Cagayan State University - Carig Library | 001.42 Ur762 2024 | ||
| School | Cagayan State University - Carig Library | 2025-08-28 | Books | General Works | 011082 | General Collection | Cagayan State University - Carig Library | 001.42 Ur762 2024 | ||
| School | Cagayan State University - Carig Library | 2025-08-28 | Books | General Works | 011083 | General Collection | Cagayan State University - Carig Library | 001.42 Ur762 2024 |